000 00640nam a2200229Ia 4500
005 20241129111459.0
008 241129s9999||||xx |||||||||||||| ||und||
020 _a978-90-04-52329-6
037 _aTB
040 _aCRL
_beng
_cCRL
041 _aeng
_2eng
084 _aLB R2
_qCRL
100 _aKahl Oliver
_9595484
245 0 _aAli ibn sahl rabban at-tabari: the Indian books
_cKahl Oliver
260 _aLeiden, Netherland
_bLeiden The
_c2022
300 _a261p.
365 _aEURO
_b119
546 _aTranslated from Persian to English
650 _aAyurveda
_9723183
942 _cTB
_hLB R2
999 _c1230661
_d1230661